Mr. Brightside - The Killers Lyrics - Statistics

General Stats
  • This quiz has been taken 390 times
  • The average score is 251 of 285
Answer Stats
Answer % Correct
a
100%
I
100%
my
99%
it
98%
It
98%
(It
98%
of
98%
just
97%
on
97%
out
97%
and
96%
And
96%
be
96%
go.
96%
He
96%
all.
95%
all
95%
Comin’
95%
comin’
95%
fine.
95%
kiss,
95%
kiss.
95%
kiss)
95%
me
95%
me.
95%
Now
95%
now.
95%
to
95%
was
95%
cage
94%
doin’
94%
end
94%
I’m
94%
it’s
94%
she’s
94%
this?
94%
up
94%
how
93%
like
93%
only
93%
the
93%
did
92%
dress
92%
her
92%
in
92%
off
92%
started
92%
taking
92%
is
91%
takes
91%
calling
90%
with
90%
can’t
89%
Gotta,
89%
gotta
89%
killing
89%
Let
89%
Brightside.
88%
Mr.
88%
want
88%
because
87%
been
87%
cab.
87%
head,
87%
I’ve
86%
sick.
86%
sick
86%
but
85%
But
85%
chest
85%
his
85%
Jealousy.
84%
he’s
83%
stomach
83%
touching
83%
control.
82%
look,
81%
‘Cause
80%
falling
80%
down
79%
drag.
79%
smoke
79%
Turning
79%
asleep
78%
Destiny
77%
eyes.
77%
sea.
77%
havin’
76%
into
76%
Open
75%
price
75%
eager
73%
your
73%
pay.
72%
bed
70%
goin’
70%
having
69%
lullabies.
65%
While
64%
Choking
63%
they’re
63%
saints
57%
alibis.
56%
never.
51%
through
44%
Swimming
29%
No matching quizzes found
Score Distribution
Percent of People with Each Score
Percentile by Number Answered
Your Score History
You have not taken this quiz